000 00285nam a22001337a 4500
008 170309b xxu||||| |||| 00| 0 eng d
020 _a9780323012423
041 _aeng
080 _a611
100 _a6
101 _aSHM
245 _aRENAL PHYSIOLOGY
_cKOEPPEN, B.M
942 _2udc
_cBK
999 _c7295
_d7295